|
|
|
|
| LEADER |
00000nam0a2200000 4500 |
| 001 |
156768 |
| 005 |
20231101221925.0 |
| 010 |
|
|
|a 9785941781683
|b (в пер.)
|b 300 экз.
|
| 021 |
|
|
|a RU
|b 08-48919
|9 08-2706
|
| 035 |
|
|
|a (RuTPU)RU\TPU\book\170016
|
| 035 |
|
|
|a RU\TPU\book\170016
|
| 090 |
|
|
|a 156768
|
| 100 |
|
|
|a 20080808d2008 m y0rusy5002 ca
|
| 101 |
0 |
|
|a rus
|
| 102 |
|
|
|a RU
|
| 105 |
|
|
|a a j 001zy
|
| 200 |
1 |
|
|a Макроэкономика
|e учебное пособие
|f Э. А. Карпов [и др.]
|
| 210 |
|
|
|a Старый Оскол
|c ТНТ
|d 2008
|
| 215 |
|
|
|a 535 с.
|c ил.
|
| 320 |
|
|
|a Библиогр.: с. 533-535.
|
| 330 |
|
|
|a В данном учебном пособии подробно излагаются основные вопросы макроэкономики: предмет и методы макроэкономики, общее макроэкономическое равновесие, макроэкономические показатели (модель AD - AS), макроэкономическая нестабильность, макроэкономическое равновесие на товарном рынке, бюджетно-налоговая политика, кредитно-денежная политика, макроэкономическое равновесие на товарном и денежном рынках, экономический рост, социальная политика государства, модели макроэкономической политики государства. В конце каждой главы приведены задачи и тесты.
|
| 606 |
1 |
|
|a Макроэкономика
|2 stltpush
|3 (RuTPU)RU\TPU\subj\36372
|9 57778
|
| 610 |
1 |
|
|a экономическая теория
|
| 610 |
1 |
|
|a методология
|
| 610 |
1 |
|
|a макроэкономические модели
|
| 610 |
1 |
|
|a простое воспроизводство
|
| 610 |
1 |
|
|a совокупный продукт
|
| 610 |
1 |
|
|a межотраслевой баланс
|
| 610 |
1 |
|
|a круговые потоки
|
| 610 |
1 |
|
|a народнохозяйственный кругооборот
|
| 610 |
1 |
|
|a СНС
|
| 610 |
1 |
|
|a система национальных счетов
|
| 610 |
1 |
|
|a совокупный спрос
|
| 610 |
1 |
|
|a совокупное предложение
|
| 610 |
1 |
|
|a модель AD-AS
|
| 610 |
1 |
|
|a стабилизационная политика
|
| 610 |
1 |
|
|a экономические циклы
|
| 610 |
1 |
|
|a нестабильность
|
| 610 |
1 |
|
|a безработица
|
| 610 |
1 |
|
|a инфляция
|
| 610 |
1 |
|
|a социальная поддержка
|
| 610 |
1 |
|
|a антиинфляционная политика
|
| 610 |
1 |
|
|a макроэкономическое равновесие
|
| 610 |
1 |
|
|a доходы
|
| 610 |
1 |
|
|a расходы
|
| 610 |
1 |
|
|a товарные рынки
|
| 610 |
1 |
|
|a кейнсианские модели
|
| 610 |
1 |
|
|a бюджетно-налоговая политика
|
| 610 |
1 |
|
|a денежный рынок
|
| 610 |
1 |
|
|a банковская система
|
| 610 |
1 |
|
|a кредитно-денежная политика
|
| 610 |
1 |
|
|a модель IS-LM
|
| 610 |
1 |
|
|a кривая Филлипса
|
| 610 |
1 |
|
|a экономический рост
|
| 610 |
1 |
|
|a социальная политика
|
| 610 |
1 |
|
|a государственное регулирование
|
| 610 |
1 |
|
|a фискальная политика
|
| 610 |
1 |
|
|a монетарная политика
|
| 610 |
1 |
|
|a твердые курсы
|
| 610 |
1 |
|
|a закрытая экономика
|
| 610 |
1 |
|
|a открытая экономика
|
| 610 |
1 |
|
|a международная торговля
|
| 610 |
1 |
|
|a внешнеторговая политика
|
| 610 |
1 |
|
|a экспорт
|
| 610 |
1 |
|
|a тарифы
|
| 610 |
1 |
|
|a таможенная политика
|
| 610 |
1 |
|
|a платежный баланс
|
| 610 |
1 |
|
|a валютные курсы
|
| 610 |
1 |
|
|a учебные пособия
|
| 686 |
|
|
|a У012.2я73
|v LBC/SL-A
|2 rubbk
|
| 701 |
|
1 |
|a Карпов
|b Э. А.
|g Эрнст Алексеевич
|4 070
|
| 701 |
|
1 |
|a Гриднева
|b Г. И.
|g Галина Ильинична
|4 070
|
| 701 |
|
1 |
|a Поддымова
|b А. В.
|g Анна Владимировна
|4 070
|
| 701 |
|
1 |
|a Полищук
|b Н. В.
|g Наталья Валерьевна
|4 070
|
| 801 |
|
1 |
|a RU
|b 63413507
|c 20090330
|g PSBO
|
| 801 |
|
2 |
|a RU
|b 63413507
|c 20150506
|g PSBO
|
| 900 |
|
|
|a Макроэкономика
|
| 942 |
|
|
|c BK
|
| 951 |
|
|
|b 080502
|
| 959 |
|
|
|a 42/20090330
|d 2
|e 340,00
|f АНЛ:1
|f ЧЗГЛ:1
|